Landmarks by a Single Word - Statistics

General Stats
  • This quiz has been taken 75 times
  • The average score is 6 of 10
Answer Stats
Word Landmark % Correct
Clock Big Ben
98%
Amphitheatre Colosseum
79%
Mummies Great Pyramids of Giza
79%
Queen Buckingham Palace
71%
Inca Machu Picchu
71%
Opera Sydney Opera House
71%
Tilted Leaning Tower of Pisa
66%
Druids Stonehenge
58%
Jesus Christ the Redeemer
37%
Letters Hollywood Sign
18%
No matching quizzes found
Score Distribution
Percent of People with Each Score
Percentile by Number Answered
Your Score History
You have not taken this quiz